| 000 | 00894 a2200157 4500 | ||
|---|---|---|---|
| 003 | Nust | ||
| 005 | 20230316121427.0 | ||
| 040 | _cNust | ||
| 082 | _a621.46,ELE | ||
| 245 | _aElectrical Motors and Genrators / | ||
| 260 |
_aNew Jersey _bOdhams Press _c1958 |
||
| 300 | _a381p | ||
| 505 | _aHow Motors and Generators are Used (Page-5), General Principles of Design (Page-28), Design of Magnetic Circuits (Page-37), Armature and Rotor Construction (Page-57), Commentators Slip Rings (Page-78), Field and Armature Windings (Page-96), Casing Design and Ventilation (Page-123), DC Generators (Page-146), DC Motors (Page-210), Starters and Doped Control (Page-231), Primary Power for Generators (Page-253), Installation of Motors and Generators (Page-271), Testing (Page-292), Commutation (Page-323), Maintenance (Page-336). | ||
| 650 |
_aElectrical motors and genrators _9110409 |
||
| 942 |
_2ddc _cBK |
||
| 999 |
_c183732 _d183732 |
||